[Event "Aragon-chT Preferente Gr II"]
[Site "Aragon"]
[Date "2023.02.11"]
[Round "3.64"]
[White "Perez Artigues, Ramon"]
[Black "Muro Castillo, Jose Luis"]
[Result "1-0"]
[WhiteElo "1206"]
[BlackElo "1208"]
[PlyCount "73"]
[EventDate "2023.01.28"]
[EventType "team-tourn"]
[EventRounds "9"]
[EventCountry "ESP"]
[SourceTitle "EXT 2024"]
[Source "ChessBase"]
[SourceDate "2023.10.10"]
[SourceVersion "1"]
[SourceVersionDate "2023.10.10"]
[SourceQuality "1"]
[WhiteTeam "Casablanca MyInvestor III"]
[BlackTeam "Dr Azua"]
[WhiteTeamCountry "ESP"]
[BlackTeamCountry "ESP"]

1. e4 e5 2. Nf3 Nf6 3. Nc3 Nc6 4. d4 exd4 5. Nxd4 Bb4 6. Nxc6 bxc6 7. a3 Bxc3+ 8. bxc3 Nxe4 9. Qd4 0-0 10. Bd3 Nf6 11. 0-0 h6 12. Rb1 Re8 13. Bd2 d6 14. f4 c5 15. Qf2 Bg4 16. h3 Bd7 17. f5 Kh8 18. g4 Bc6 19. g5 Ne4 20. Bxe4 Bxe4 21. gxh6 Qf6 22. hxg7+ Kg8 23. Kh2 Re5 24. Qg3 Rxf5 25. Rxf5 Qxf5 26. Qh4 Qh7 27. Qe7 Qf5 28. Qh4 Qh7 29. Qf4 Re8 30. Rf1 Bg6 31. Qg3 Re2+ 32. Rf2 Rxf2+ 33. Qxf2 Qxg7 34. Qf3 Qf8 35. c4 Qe7 36. Bc3 Qd7 37. Qa8+ 1-0

[Event "Aragon-chT Preferente Gr II"]
[Site "Aragon"]
[Date "2022.03.26"]
[Round "9.55"]
[White "Perez Artigues, Ramon"]
[Black "Chesa Chavarria, Aurelio"]
[Result "1-0"]
[WhiteElo "1145"]
[BlackElo "1693"]
[PlyCount "65"]
[EventDate "2022.01.29"]
[EventType "team-tourn"]
[EventRounds "9"]
[EventCountry "ESP"]
[SourceTitle "EXT 2024"]
[Source "ChessBase"]
[SourceDate "2023.10.10"]
[SourceVersion "1"]
[SourceVersionDate "2023.10.10"]
[SourceQuality "1"]
[WhiteTeam "Casablanca MyInvestor III"]
[BlackTeam "Fraga"]
[WhiteTeamCountry "ESP"]
[BlackTeamCountry "ESP"]

1. e4 c5 2. d4 cxd4 3. c3 g6 4. Nf3 Bg7 5. Bc4 Nc6 6. cxd4 Qb6 7. e5 Qb4+ 8. Nbd2 Nh6 9. 0-0 0-0 10. a3 Qb6 11. Nb3 Nf5 12. g4 Nh6 13. h3 d6 14. Be3 Qd8 15. Qe2 dxe5 16. dxe5 b6 17. Rfd1 Qc7 18. Bf4 Be6 19. Rac1 Rad8 20. Nbd4 Nxd4 21. Nxd4 Bxc4 22. Rxc4 Qb7 23. Qc2 Rc8 24. Rc1 Rxc4 25. Qxc4 Qe4 26. Ne2 Qb7 27. Qc6 Qa6 28. Nc3 Rc8 29. Qd7 e6 30. Nb5 Rxc1+ 31. Bxc1 Qa4 32. Qd8+ Bf8 33. Bxh6 1-0

[Event "Aragon-chT Preferente Gr II"]
[Site "Aragon"]
[Date "2022.02.26"]
[Round "5.56"]
[White "Perez Artigues, Ramon"]
[Black "Perez Tomas, Juan Manuel"]
[Result "0-1"]
[WhiteElo "1145"]
[BlackElo "1638"]
[PlyCount "86"]
[EventDate "2022.01.29"]
[EventType "team-tourn"]
[EventRounds "9"]
[EventCountry "ESP"]
[SourceTitle "EXT 2024"]
[Source "ChessBase"]
[SourceDate "2023.10.10"]
[SourceVersion "1"]
[SourceVersionDate "2023.10.10"]
[SourceQuality "1"]
[WhiteTeam "Casablanca MyInvestor III"]
[BlackTeam "Marcos Frechin II"]
[WhiteTeamCountry "ESP"]
[BlackTeamCountry "ESP"]

1. e4 c5 2. d4 cxd4 3. c3 dxc3 4. Nxc3 e6 5. Nf3 a6 6. Bc4 Qc7 7. Bb3 Nc6 8. 0-0 Nf6 9. Qe2 Ng4 10. g3 Bc5 11. Bf4 d6 12. Nd5 exd5 13. exd5+ Nce5 14. Nxe5 Nxe5 15. Bxe5 dxe5 16. Rac1 Qd6 17. Rfe1 0-0 18. Qxe5 Qxe5 19. Rxe5 Bd4 20. Re7 Bxb2 21. Rcc7 Bf6 22. Re1 b5 23. d6 Bf5 24. d7 Rad8 25. Rd1 Be6 26. Kg2 a5 27. Bxe6 fxe6 28. Rb7 b4 29. Rd6 Rf7 30. Rc7 Be5 31. Rc8 Rff8 32. Rxe6 Bd4 33. Re8 Bf6 34. Rcxd8 Bxd8 35. Kf1 Kf7 36. Ke2 Rxe8+ 37. dxe8Q+ Kxe8 38. Kd3 a4 39. Kc4 Be7 40. f3 Kf7 41. g4 Kg6 42. h4 h5 43. g5 Kf5 0-1

[Event "Aragon-chT Preferente Gr II"]
[Site "Aragon"]
[Date "2022.02.12"]
[Round "3.56"]
[White "Perez Artigues, Ramon"]
[Black "Garreta Nieto, Maria"]
[Result "0-1"]
[WhiteElo "1145"]
[BlackElo "1748"]
[PlyCount "74"]
[EventDate "2022.01.29"]
[EventType "team-tourn"]
[EventRounds "9"]
[EventCountry "ESP"]
[SourceTitle "EXT 2024"]
[Source "ChessBase"]
[SourceDate "2023.10.10"]
[SourceVersion "1"]
[SourceVersionDate "2023.10.10"]
[SourceQuality "1"]
[WhiteTeam "Casablanca MyInvestor III"]
[BlackTeam "Monzon"]
[WhiteTeamCountry "ESP"]
[BlackTeamCountry "ESP"]

1. e4 c6 2. d4 d5 3. Nc3 dxe4 4. Nxe4 Bf5 5. Ng3 Bg6 6. Nf3 Nd7 7. Be2 e6 8. 0-0 Ngf6 9. c4 Be7 10. Qb3 Qc7 11. Bd2 0-0 12. Rac1 c5 13. d5 exd5 14. cxd5 Nb6 15. Bc4 Nxc4 16. Qxc4 Rfd8 17. Bf4 Bd6 18. Bxd6 Qxd6 19. Qxc5 Qxc5 20. Rxc5 Nxd5 21. Rd1 Nf4 22. Rxd8+ Rxd8 23. h3 Ne6 24. Rc3 h6 25. Ne5 Bh7 26. Rf3 f6 27. Ng4 Rd7 28. Rb3 b6 29. Rb4 Nc5 30. a3 Bg6 31. f4 Rd1+ 32. Nf1 Bd3 33. Nge3 Rb1 34. g4 Kf7 35. f5 Bxf1 36. Nxf1 Ke7 37. Kf2 Nd3+ 0-1